|
|
|
|
| LEADER |
00000cam a2200000 7i4500 |
| 001 |
0000007814 |
| 002 |
000008385 |
| 005 |
20000330.0 |
| 020 |
|
|
|a 0752216589
|
| 090 |
0 |
0 |
|a 646.75
|b CAB
|
| 100 |
1 |
|
|a Cabot, Sandra
|f Dr
|
| 245 |
1 |
4 |
|a The body-shaping diet :
|b a leading woman's health specialist reveals the hormonal secrets that can change your shape forever
|c Dr.Sandra Cabot
|
| 260 |
|
|
|a London :
|b Boxtree Limited ,
|c 1996
|
| 300 |
|
|
|a 280p. ;
|c 12cm.
|
| 999 |
|
|
|a 052944
|b BUKU
|c PINJAMAN
|e PERPUSTAKAAN KOMUNITI PETALING JAYA
|
| 999 |
|
|
|a 052945
|b BUKU
|c PINJAMAN
|e PERPUSTAKAAN KOMUNITI PETALING JAYA
|